ბათუმის შოთა რუსთაველის სახელმწიფო უნივერსიტეტის ბიბლიოთეკა

Reader's Digest Encyclopaedia of Garden Plants and Flowers (ბიბ.ჩანაწერი № 46567)

000 -LEADER
fixed length control field 00411nam a2200157Ia 4500
001 - CONTROL NUMBER
control field 13406
003 - CONTROL NUMBER IDENTIFIER
control field GE_BSU
008 - FIXED-LENGTH DATA ELEMENTS--GENERAL INFORMATION
fixed length control field 181216s||||||||xx |||||||||||||| ||und||
040 ## - CATALOGING SOURCE
Transcribing agency GE_BSU
080 ## - UNIVERSAL DECIMAL CLASSIFICATION NUMBER
Universal Decimal Classification number 581.6
245 ## - TITLE STATEMENT
Title Reader's Digest Encyclopaedia of Garden Plants and Flowers
260 ## - PUBLICATION, DISTRIBUTION, ETC.
Date of publication, distribution, etc. 1971
300 ## - PHYSICAL DESCRIPTION
Extent 800p.ill.27cm.
653 ## - INDEX TERM--UNCONTROLLED
Uncontrolled term Reader's Digest Encyclopaedia of Garden Plants and Flowers
942 ## - ADDED ENTRY ELEMENTS (KOHA)
Koha item type წიგნი
ეგზემპლარები
Withdrawn status Lost status Damaged status Not for loan Date acquired Barcode Date last seen Price effective from Koha item type
        2018-12-17 36851 2018-12-17 2018-12-17 წიგნი